Politycy II RP na zdjęciach - Statystyki

Ogólne statystyki
  • Ten quiz został rozwiązany 65 razy
  • Średni wynik to 8 z 12
Statystyki odpowiedzi
Obrazkowy Odpowiedź % Poprawnych
Józef Piłsudski
100%
Roman Dmowski
95%
Ignacy Mościcki
84%
Ignacy Paderewski
84%
Edward Rydz-Śmigły
65%
Gabriel Narutowicz
62%
Wincenty Witos
58%
Józef Beck
55%
Stanisław Wojciechowski
55%
Władysław Grabski
49%
Ignacy Daszyński
42%
Walery Sławek
36%
Nie znaleziono quizów pasujących do podanych kryteriów
Rozkład punktacji
Procent ludzi z każdym wynikiem
Percentyl według liczby udzielonych odpowiedzi
Twoja historia wyników
Nie rozwiązałeś tego quizu